00342nam a2200109Ia 4500008004100000020001800041082002100059100002900080245007400109260004000183300000900223210430s9999 xx 000 0 und d a0-7506-7126-2 a660.283 C 5141 H aNicholas P.cheremisinoff aHandbook of Chemical Processing Equipment /cNicholas P.cheremisinoff aBostonbButterworth Heinemannc2000 a535p